<?xml version="1.0" encoding="UTF-8"?><?xml-stylesheet type="text/xsl" href="static/style.xsl"?><OAI-PMH xmlns="http://www.openarchives.org/OAI/2.0/" xmlns:xsi="http://www.w3.org/2001/XMLSchema-instance" xsi:schemaLocation="http://www.openarchives.org/OAI/2.0/ http://www.openarchives.org/OAI/2.0/OAI-PMH.xsd"><responseDate>2026-04-17T12:00:53Z</responseDate><request verb="GetRecord" identifier="oai:www.recercat.cat:10256/15493" metadataPrefix="marc">https://recercat.cat/oai/request</request><GetRecord><record><header><identifier>oai:recercat.cat:10256/15493</identifier><datestamp>2024-06-18T13:53:34Z</datestamp><setSpec>com_2072_452955</setSpec><setSpec>com_2072_2054</setSpec><setSpec>col_2072_453073</setSpec></header><metadata><record xmlns="http://www.loc.gov/MARC21/slim" xmlns:dcterms="http://purl.org/dc/terms/" xmlns:xsi="http://www.w3.org/2001/XMLSchema-instance" xmlns:doc="http://www.lyncode.com/xoai" xsi:schemaLocation="http://www.loc.gov/MARC21/slim http://www.loc.gov/standards/marcxml/schema/MARC21slim.xsd">
   <leader>00925njm 22002777a 4500</leader>
   <datafield ind2=" " ind1=" " tag="042">
      <subfield code="a">dc</subfield>
   </datafield>
   <datafield ind2=" " ind1=" " tag="720">
      <subfield code="a">Swart, Marcel</subfield>
      <subfield code="e">author</subfield>
   </datafield>
   <datafield ind2=" " ind1=" " tag="720">
      <subfield code="a">Duijnen, Petrus Theodorus van‏</subfield>
      <subfield code="e">author</subfield>
   </datafield>
   <datafield ind2=" " ind1=" " tag="260">
      <subfield code="c">info:eu-repo/date/embargoEnd/2026-01-01</subfield>
   </datafield>
   <datafield ind2=" " ind1=" " tag="260">
      <subfield code="c">2011-06-01</subfield>
   </datafield>
   <datafield ind2=" " ind1=" " tag="520">
      <subfield code="a">We report here the results for an ab initio approach to obtain the parameters needed for molecular simulations using a polarizable force field. These parameters consist of the atomic charges, polarizabilities, and radii. The former two are readily obtained using methods reported previously (van Duijnen and Swart, J Phys Chem A 1998, 102, 2399; Swart et al. J Comput Chem 2001, 22, 79), whereas here we report a new approach for obtaining atomic second-order radii (SOR), which is based on second-order atomic moments in scaled Voronoi cells. These parameters are obtained from quantum-chemistry calculations on the monomers, and used without further adaptation directly for intermolecular interactions. The approach works very well as shown here for four dimers, where high-level coupled cluster with singles and doubles, and perturbative triples (CCSD(T)) and density functional theory (DFT) Swart-Solà-Bickelhaupt functional including Grimme's dispersion correction (SSB-D) reference data are available for comparison. The energy surfaces for the three methods are very similar, which is also the case for the interaction between a water molecule with either a chloride anion or a sodium cation. These latter systems had previously been used to criticize Thole's damped point-dipole method, but here we show that with the correct use of the method, it is perfectly able to describe the intermolecular interactions. This is most obvious for the induced dipole moment as function of the chloride-oxygen distance, where the direct (discrete) reaction field results are virtually indistinguishable from those obtained at CCSD(T)/aug-cc-pVTZ</subfield>
   </datafield>
   <datafield ind2=" " ind1=" " tag="520">
      <subfield code="a">Contract grant sponsor: Ministerio de Ciencia e Innovación (MICINN): Contract grant number: CTQ2008-06532/BQU; contract grant sponsor: DIUE, Generalitat de Catalunya i contract grant number: 2009SGR528.</subfield>
   </datafield>
   <datafield ind1="8" ind2=" " tag="024">
      <subfield code="a">http://hdl.handle.net/10256/15493</subfield>
   </datafield>
   <datafield tag="653" ind2=" " ind1=" ">
      <subfield code="a">Química quàntica</subfield>
   </datafield>
   <datafield tag="653" ind2=" " ind1=" ">
      <subfield code="a">Quantum chemistry</subfield>
   </datafield>
   <datafield tag="653" ind2=" " ind1=" ">
      <subfield code="a">Funcional de densitat, Teoria del</subfield>
   </datafield>
   <datafield tag="653" ind2=" " ind1=" ">
      <subfield code="a">Density functionals</subfield>
   </datafield>
   <datafield ind2="0" ind1="0" tag="245">
      <subfield code="a">Atomic radii in molecules for use in a polarizable force field</subfield>
   </datafield>
</record></metadata></record></GetRecord></OAI-PMH>